1952-1954 blanco y negro. 1954-1956 a toda máquina. (Record no. 83695)

MARC details
000 -CABECERA
campo de control de longitud fija 00919ngm a2200205 a 4500
005 - FECHA Y HORA DE LA ÚLTIMA TRANSACCIÓN
campo de control 20230418063541.0
008 - ELEMENTOS DE LONGITUD FIJA--INFORMACIÓN GENERAL
campo de control de longitud fija 010717s1996 mx 060 aaspa d
035 ## - NÚMERO DE CONTROL DEL SISTEMA
Número de control de sistema UPN01000109785
049 ## - COLECCIÓN
Colección AV
050 #4 - SIGNATURA TOPOGRÁFICA DE LA BIBLIOTECA DEL CONGRESO
Número de clasificación PVI F 900
245 00 - MENCIÓN DE TÍTULO
Título 1952-1954 blanco y negro. 1954-1956 a toda máquina.
260 ## - PUBLICACIÓN, DISTRIBUCIÓN, ETC.
Lugar de publicación, distribución, etc. México :
Nombre del editor, distribuidor, etc. SEP,
Fecha de publicación, distribución, etc. 1996.
300 ## - DESCRIPCIÓN FÍSICA
Extensión 1 videocasete (VHS) (60 min.) :
Otras características físicas son., b y n.
440 #0 - MENCIÓN DE SERIE/ASIENTO SECUNDARIO--TÍTULO
Título Siglo 20. La vida en México ;
Designación de volumen o secuencia 11
520 ## - NOTA DE RESUMEN, ETC.
Sumario, etc. México se desenvuelve entre el box, la música afrontillana y el cine. Adolfo Ruiz Cortines continúa en el poder. En el campo de la literatura hay figuras claves: Juan Rulfo, Carlos Fuentes, Octavio Paz, José Revueltas y Rosario Castellanos. El mundo baila aceleradamente el rock and roll
650 #4 - ASIENTO SECUNDARIO DE MATERIA - TERMINO TEMATICO
Término de materia o nombre geográfico como elemento de entrada CIVILIZACION MODERNA -
Subdivisión cronológica 1945-
9 (RLIN) 10793
651 #4 - ASIENTO SECUNDARIO DE MATERIA - NOMBRE GEOGRAFICO
Nombre geográfico México
Subdivisión general Condiciones sociales
9 (RLIN) 4559
740 0# - ASIENTO SECUNDARIO - TÍTULOS RELACIONADOS /ANALITICOS NO CONTROLADOS
Título relacionado o analítico no controlado 1954-1956 a toda máquina
905 ## - TIPO DE MATERIAL
Tipo de material Audiovisuales
Holdings
Estado de retiro Estado de pérdida Fuente del sistema de clasificación o colocación Estado dañado No para préstamo Código de colección Localización permanente Ubicación/localización actual Ubicación en estantería Total de préstamos Clasificación Código de barras Fecha visto por última vez Número de copia Tipo de ítem Koha
    Library of Congress Classification     Audiovisuales Bib. Gregorio Torres Quintero Bib. Gregorio Torres Quintero Audiovisual   PVI F 900 169625 31/12/2020 1 Videocasete